Capitais mais perto de Londres - Statistics

Estatísticas Gerais
  • Esse quiz foi jogado 60 vezes
  • A pontuação média é 14 de 22
Estatísticas das Respostas
Capital Km % Correto
Madri 1265
96%
Paris 343
96%
Dublin 464
93%
Amsterdã 358
89%
Bruxelas 321
85%
Berlim 933
82%
Oslo 1155
82%
Roma 1434
82%
Copenhaga 957
75%
Estocolmo 1435
73%
Luxemburgo 490
69%
Viena 1236
69%
Berna 747
62%
Praga 1035
62%
Monaco 1032
60%
Vaticano 1432
55%
Andorra A Velha 1008
51%
San Marino 1260
49%
Liubliana 1229
31%
Zagreb 1339
31%
Bratislava 1289
27%
Vaduz 850
27%
Nenhum quiz correspondente encontrado
Distribuição das Pontuações
Porcentagem de Pessoas com Cada Pontuação
Percentil de Números Respondidos
Sua Pontuação Histórica
Você não jogou esse quiz